Дело о выкупе земельных наделов временнообязанными крестьянами Е. Гинзбурга селений Лак и Колбарыш Бендерского уезда Бессарабско...

Доступно только в Электронных читальных залах Найти на картеНа карте
RUSMARC
00004176nmc2a2200000 x 450
0015c9c0cba-7e46-4740-9985-0655a40b65dc
00520170123213035.0
100##$a20140514l18731874k l0rusy0189 ca
1010#$arus
102##$aRU
2001#$aДело о выкупе земельных наделов временнообязанными крестьянами Е. Гинзбурга селений Лак и Колбарыш Бендерского уезда Бессарабской губернии
$j27 сентября 1873 г. - 12 февраля 1874 г.
251##$cДело
300##$aДело
300##$aОриг. заголовок дела: Дело Гинзбурга Е. Бессарабской губернии Бендерского уезда селений Лак и Колбарыш. 27 сентября 1873 г. - 12 февраля 1874 г
801#0$aRU
$bРГИА
$c20140514
$gRCR
801#1$aRU
$bГлавНИВЦ
$c20140514
$2rusmarc
801#2$aRU
$bПБ им. Б.Н. Ельцина
$c20170123
$gRCR
$2rusmarc
850##$aРГИА
852##$aРГИА
$eФедеральное казенное учреждение "Российский государственный исторический архив" (РГИА)
$j160
937##$hРГИА
$d6539686
$aASBIBLIO_SCAN
462#0$1001808503d5-68d3-4ac2-91f4-d4d8e7ec01e0
$12001
$aДела Главного выкупного учреждения Министерства финансов по Бессарабской губернии
$1251
$cОпись
$1852
$j2
461#0$10018ef30ad5-ff5c-4840-a721-74c62a200f95
$12001
$aГлавное выкупное учреждение Министерства финансов
$1251
$cФонд
$1852
$j577
215##$a70 л.
$d36,5х26 см
371##$aДокумент не является опубликованным и широко распространяемым
105##$ay###
1222#$ad
5171#$aДело Гинзбурга Е. Бессарабской губернии Бендерского уезда селений Лак и Колбарыш. 27 сентября 1873 г. - 12 февраля 1874 г.
035##$a5c9c0cba-7e46-4740-9985-0655a40b65dc
856##$uhttp://readingroom.main.prlib.ru/item.aspx?id_node=n94737151&mode=full
Формат отображения